Прикладная механика: [курс средних технических училищ]

Detalles Bibliográficos
Autor Principal: Гуржеев С. М. Семен Михайлович
Outros autores: Рерих К. Э. (редактор)
Summary:Тит. лист отсутствует
Текст в русской дореформенной орфографии
Посмертное издание
1-е изд. одобрено Ученым Комитетом Министерства Народного Просвещения
Idioma:ruso
Publicado: [Санкт-Петербург], [1908]
Edición:[5-е изд., пересм. и доп.]
Subjects:
Formato: MixedMaterials Libro
KOHA link:https://koha.lib.tpu.ru/cgi-bin/koha/opac-detail.pl?biblionumber=313051

MARC

LEADER 00000nam0a2200000 4500
001 313051
005 20231102002539.0
035 |a (RuTPU)RU\TPU\book\338434 
090 |a 313051 
100 |a 20160112d1908 m y0rusy50 ca 
101 0 |a rus 
102 |a RU 
105 |a a j 000zy 
200 1 |a Прикладная механика  |e [курс средних технических училищ]  |f С. М. Гуржеев  |g под ред. К. Э. Рериха 
205 |a [5-е изд., пересм. и доп.] 
210 |a [Санкт-Петербург]  |d [1908] 
215 |a 416 с.  |c С 349 политипажами в тексте и собранием задач с их решениями 
300 |a Тит. лист отсутствует 
300 |a Текст в русской дореформенной орфографии 
300 |a Посмертное издание 
300 |a 1-е изд. одобрено Ученым Комитетом Министерства Народного Просвещения 
316 |5 63413507: М-132728  |a Владельческий переплет: Дмитрий Улеев 
316 |5 63413507: М-132728  |a На переднем форзаце владельческая подпись: "Бутаков" 
317 |5 63413507: М-132728  |a Поступила в НТБ в 1970 г. в составе книжного собрания профессора ТПИ И. Н. Бутакова 
516 1 |a Механика 
606 1 |a Прикладная механика  |2 stltpush  |3 (RuTPU)RU\TPU\subj\51670  |9 70243 
610 1 |a передаточные механизмы 
610 1 |a машины-приемники 
610 1 |a гидростатика 
610 1 |a гидродинамика 
610 1 |a гидравлические колеса 
610 1 |a паровые котлы 
610 1 |a паровые машины 
610 1 |a рабочие машины 
610 1 |a задачи 
610 1 |a решения 
610 1 |a владельческая надпись 
610 1 |a владельческие знаки 
610 1 |a библиотека И. Н. Бутакова 
675 |a 621.01:531(075.8)  |v 4 
700 1 |a Гуржеев  |b С. М.  |g Семен Михайлович 
702 1 |a Рерих  |b К. Э.  |c инженер-технолог  |4 340 
801 1 |a RU  |b 63413507  |c 20160112 
801 2 |a RU  |b 63413507  |c 20190805  |g RCR 
942 |c BK